01016nam a2200301 i 450000100060000000300090000600500170001500700030003200800450003501500180008001600180009802000180011604000280013408000110016208000120017310000280018524500880021326000470030130000210034849000320036950400400040165000270044165000340046883000400050285200330054299900170057595201220059210604ES-MaACL20230906145923.0t|890123s1988 sp ||||0| spa j ..| a1989-FEB-28757 zSAB9000039453 a84-206-2531-0 aM-BN-DP bspa cM-BN-DP a316.37 a316.6211 aBéjar, Helena.92708313aEl Ambito íntimo b: (privacidad, individualismo y modernidad) /cHelena Béjar. aMadrid : bAlianza Editorial, cD.L. 1988. a261 p ; c20 cm.1 aAlianza universidad ; v531 aBibliografía: p. 247-257. Indice.14aIndividualismo.91370814aIndividuo y sociedad.91788160 aAlianza universidad ; v5319177276 aES-MaACLjL-17981 bR.123976 c10604d10604 00104070aATENEOMbATENEOMcDEPO2d2008-01-17eSCl0oL-17981p1010816r2023-02-23 00:00:00w2023-02-23yMONOGRAFIA